[Event "Gibraltar Challengers-B"]
[Site "Gibraltar"]
[Date "2008.01.29"]
[Round "3"]
[White "Molina, Tony"]
[Black "Kandic, Milan"]
[Result "1/2-1/2"]
[WhiteElo "2189"]
[BlackElo "2238"]
[PlyCount "92"]
[EventDate "2008.01.27"]
[EventType "swiss"]
[EventRounds "5"]
[EventCountry "ENG"]
[SourceTitle "CBM 122 Extra"]
[Source "ChessBase"]
[SourceDate "2008.03.04"]
[SourceVersion "1"]
[SourceVersionDate "2008.03.04"]
[SourceQuality "1"]

1. d4 d6 2. Nf3 Nf6 3. c4 g6 4. Nc3 Bg7 5. e4 0-0 6. Be2 Nbd7 7. 0-0 e5 8. Be3 Re8 9. d5 Ng4 10. Bg5 f6 11. Bd2 Qe7 12. Ne1 Nh6 13. Qc1 Nf7 14. g4 f5 15. gxf5 gxf5 16. exf5 Nf6 17. Kh1 Bxf5 18. Rg1 Kh8 19. Ng2 Ng4 20. Qf1 e4 21. Ne3 Nxe3 22. fxe3 Bg6 23. Qh3 Ne5 24. Nb5 Rf8 25. Nd4 Rf7 26. Rg3 c5 27. dxc6 bxc6 28. Nxc6 Nxc6 29. Rxg6 Bxb2 30. Rb1 Be5 31. Rg2 Raf8 32. Rbg1 Rg7 33. Bd1 Rxg2 34. Qxg2 Qh4 35. Bc2 Ne7 36. Be1 Qh6 37. Bg3 Bxg3 38. Qxg3 Nf5 39. Qf4 Qxf4 40. exf4 Ne3 41. Bxe4 Rxf4 42. Bd5 Nxd5 43. cxd5 Rd4 44. Re1 Ra4 45. Re2 Kg7 46. Kg2 Ra3 1/2-1/2

[Event "Dubai op 7th"]
[Site "Dubai"]
[Date "2005.04.08"]
[Round "5"]
[White "El Taher, Fouad"]
[Black "Molina, Tony"]
[Result "1-0"]
[WhiteElo "2458"]
[BlackElo "2234"]
[PlyCount "53"]
[EventDate "2005.04.04"]
[EventType "swiss"]
[EventRounds "9"]
[EventCountry "UAE"]
[SourceTitle "CBM 105 Extra"]
[Source "ChessBase"]
[SourceDate "2005.05.01"]
[SourceVersion "1"]
[SourceVersionDate "2005.05.01"]
[SourceQuality "1"]

1. e4 c5 2. Nf3 d6 3. d4 cxd4 4. Nxd4 Nf6 5. Nc3 a6 6. Bg5 e6 7. f4 Qb6 8. Qd2 Qxb2 9. Rb1 Qa3 10. f5 Nc6 11. fxe6 fxe6 12. Nxe6 Bxe6 13. e5 dxe5 14. Ne4 Be7 15. Be2 h5 16. Rb3 Qa4 17. c4 Ra7 18. Bxf6 gxf6 19. 0-0 f5 20. Nd6+ Bxd6 21. Qxd6 Qa5 22. Rfb1 Kf7 23. Bxh5+ Kf6 24. g4 f4 25. g5+ Kf5 26. Rb5 Qc3 27. Rxe5+ 1-0

[Event "Abu Dhabi op 13th"]
[Site "Abu Dhabi"]
[Date "2003.08.22"]
[Round "6"]
[White "Molina, Tony"]
[Black "Chokshi, Manthan J"]
[Result "1-0"]
[WhiteElo "2264"]
[BlackElo "2237"]
[PlyCount "103"]
[EventDate "2003.08.16"]
[EventType "swiss"]
[EventRounds "9"]
[EventCountry "UAE"]
[SourceTitle "CBM 097"]
[Source "ChessBase"]
[SourceDate "2003.11.11"]
[SourceVersion "1"]
[SourceVersionDate "2003.11.11"]
[SourceQuality "1"]

1. d4 Nf6 2. c4 g6 3. Nc3 Bg7 4. e4 d6 5. Nf3 0-0 6. Be2 e5 7. 0-0 Nc6 8. d5 Ne7 9. Ne1 Nd7 10. Be3 f5 11. f3 f4 12. Bf2 g5 13. a4 Ng6 14. a5 Rf7 15. c5 Nxc5 16. Bxc5 dxc5 17. Bc4 Kh8 18. a6 bxa6 19. Nd3 Bf8 20. Na4 Rg7 21. Naxc5 Nh4 22. Bxa6 g4 23. Bxc8 Qxc8 24. fxg4 Qxg4 25. Qxg4 Rxg4 26. Rf2 Bxc5 27. Nxc5 Rag8 28. Rxa7 Nxg2 29. Kf1 Nh4 30. Rxc7 f3 31. Ke1 Rg1+ 32. Kd2 R1g2 33. Nd3 R2g4 34. Nxe5 Rg2 35. Nd3 Re8 36. Ke3 Rg4 37. e5 Ng6 38. e6 Rg5 39. Kd4 Rd8 40. Rd7 Rg4+ 41. Ke3 Re8 42. Rxf3 h5 43. Rg3 Nf8 44. Rxg4 Nxd7 45. Rg5 Nf6 46. Kd4 Rd8 47. b4 Ne8 48. Ne5 Kh7 49. Nf7 Rb8 50. Kc4 h4 51. d6 h3 52. d7 1-0

[Event "Dubai op 5th"]
[Site "Dubai"]
[Date "2003.04.26"]
[Round "6"]
[White "Molina, Tony"]
[Black "Al Khaja, Arif"]
[Result "1-0"]
[WhiteElo "2269"]
[BlackElo "2101"]
[PlyCount "75"]
[EventDate "2003.04.20"]
[EventType "swiss"]
[EventRounds "9"]
[EventCountry "UAE"]
[SourceTitle "CBM 093 Extra"]
[Source "ChessBase"]
[SourceDate "2003.05.09"]
[SourceVersion "1"]
[SourceVersionDate "2003.05.09"]
[SourceQuality "1"]

1. d4 d5 2. c4 e6 3. Nc3 Nf6 4. cxd5 exd5 5. Bg5 Be7 6. e3 0-0 7. Bd3 Nbd7 8. Nge2 Re8 9. 0-0 Nf8 10. b4 Be6 11. b5 Rc8 12. Qa4 N8d7 13. Bf4 Nb6 14. Qc2 c5 15. bxc6 bxc6 16. Ba6 Qd7 17. Bxc8 Rxc8 18. Na4 Nc4 19. Nc5 Bxc5 20. dxc5 Bf5 21. Qc3 Ne4 22. Qd4 Bg6 23. f3 Nf6 24. e4 Re8 25. Rfd1 Bxe4 26. fxe4 Rxe4 27. Qf2 Qe7 28. Bd6 Nxd6 29. cxd6 Qxd6 30. Ng3 Ra4 31. Rf1 Qc7 32. Rae1 h6 33. Nf5 Ne4 34. Qb2 f6 35. Rb1 Qa5 36. Qb7 Qc5+ 37. Kh1 Qf8 38. Qxc6 1-0